Эффективность использования солнечных батарей в мобильных телефонах; Энергетика: эффективность, надежность, безопасность; Т. 2

গ্রন্থ-পঞ্জীর বিবরন
Parent link:Энергетика: эффективность, надежность, безопасность: материалы XXI Всероссийской научно-технической конференции, 2-4 декабря 2015 г., Томск/ Национальный исследовательский Томский политехнический университет (ТПУ) [и др.] ; ред. кол. В. В. Литвак [и др.].— , 2015
Т. 2.— 2015.— [С. 227-229]
প্রধান লেখক: Курманбай А. К.
সংস্থা লেখক: Национальный исследовательский Томский политехнический университет (ТПУ) Юргинский технологический институт (филиал) (ЮТИ) Кафедра гуманитарного образования и иностранных языков (ГОИЯ)
অন্যান্য লেখক: Нозирзода Ш. С.
সংক্ষিপ্ত:Заглавие с титульного экрана
ভাষা:রুশ
প্রকাশিত: 2015
মালা:Экология и защита окружающей среды
বিষয়গুলি:
অনলাইন ব্যবহার করুন:http://earchive.tpu.ru/handle/11683/14846
http://www.lib.tpu.ru/fulltext/c/2015/C15/V2/093.pdf
বিন্যাস: বৈদ্যুতিক গ্রন্থের অধ্যায়
KOHA link:https://koha.lib.tpu.ru/cgi-bin/koha/opac-detail.pl?biblionumber=616619

MARC

LEADER 00000naa2a2200000 4500
001 616619
005 20231101132922.0
035 |a (RuTPU)RU\TPU\conf\14870 
090 |a 616619 
100 |a 20160113d2015 k y0rusy50 ca 
101 0 |a rus 
102 |a RU 
105 |a y z 101zy 
135 |a drcn ---uucaa 
181 0 |a i  
182 0 |a b 
200 1 |a Эффективность использования солнечных батарей в мобильных телефонах  |f А. К. Курманбай, Ш. С. Нозирзода 
203 |a Текст  |c электронный 
225 1 |a Экология и защита окружающей среды 
230 |a 1 компьютерный файл (pdf; 319 Kb) 
300 |a Заглавие с титульного экрана 
320 |a [Библиогр.: с. 229 (2 назв.)] 
337 |a Adobe Reader 
461 1 |0 (RuTPU)RU\TPU\conf\14426  |t Энергетика: эффективность, надежность, безопасность  |o материалы XXI Всероссийской научно-технической конференции, 2-4 декабря 2015 г., Томск  |o в 2 т.  |f Национальный исследовательский Томский политехнический университет (ТПУ) [и др.] ; ред. кол. В. В. Литвак [и др.]  |d 2015 
463 0 |0 (RuTPU)RU\TPU\conf\14434  |t Т. 2  |v [С. 227-229]  |d 2015 
610 1 |a труды учёных ТПУ 
610 1 |a электронный ресурс 
610 1 |a эффективность 
610 1 |a солнечные батареи 
610 1 |a мобильные телефоны 
700 1 |a Курманбай  |b А. К. 
701 1 |a Нозирзода  |b Ш. С. 
712 0 2 |a Национальный исследовательский Томский политехнический университет (ТПУ)  |b Юргинский технологический институт (филиал) (ЮТИ)  |b Кафедра гуманитарного образования и иностранных языков (ГОИЯ)  |h 5788  |2 stltpush  |3 (RuTPU)RU\TPU\col\18978 
801 2 |a RU  |b 63413507  |c 20210127  |g RCR 
856 4 |u http://earchive.tpu.ru/handle/11683/14846 
856 4 |u http://www.lib.tpu.ru/fulltext/c/2015/C15/V2/093.pdf 
942 |c BK